PGE Ekstraliga - Kluby które wygrywały ligę od 2000-2024. - Statystyki

Ogólne statystyki
  • Ten quiz został rozwiązany 46 razy
  • Średni wynik to 23 z 25
Statystyki odpowiedzi
Najlepszy zawodnik w tym roku: Rok Klub % Poprawnych
Emil Sajfutdinow (2.523śr) 2020 FOGO Unia Leszno
100%
Leon Madsen (2.443śr) 2019 FOGO Unia Leszno
100%
Bartosz Zmarzlik (2.574śr) 2018 FOGO Unia Leszno
100%
Bartosz Zmarzlik (2.376śr) 2017 FOGO Unia Leszno
100%
Jarosław Hampel (2.419śr) 2015 FOGO Unia Leszno
100%
Tomasz Gollob (2.675śr) 2010 FOGO Unia Leszno
100%
Nicki Pedersen (2.730śr) 2007 FOGO Unia Leszno
100%
Bartosz Zmarzlik (2.477śr) 2016 Stal Gorzów
100%
Greg Hancock (2.320śr) 2014 Stal Gorzów
100%
Artem Łaguta (2.426śr) 2024 Motor Lublin
98%
Bartosz Zmarzlik (2.526śr) 2023 Motor Lublin
98%
Bartosz Zmarzlik (2.679śr) 2022 Motor Lublin
98%
Jarosław Hampel (2.514śr) 2013 Falubaz Zielona Góra
88%
Jarosław Hampel (2.625śr) 2011 Falubaz Zielona Góra
88%
Jason Crump (2.494śr) 2009 Falubaz Zielona Góra
88%
Ryan Sullivan (2.688śr) 2002 Polonia Bydgoszcz
88%
Tomasz Gollob (2.766śr) 2000 Polonia Bydgoszcz
88%
Nicki Pedersen (2.605śr) 2012 Unia Tarnów
86%
Tomasz Gollob (2.440śr) 2005 Unia Tarnów
86%
Andreas Jonsson (2.734śr) 2004 Unia Tarnów
86%
Tomasz Gollob (2.534śr) 2003 Włókniarz Częstochowa
86%
Bartosz Zmarzlik (2.649śr) 2021 BETARD Sparta Wrocław
81%
Jason Crump (2.660śr) 2006 BETARD Sparta Wrocław
81%
Nicki Pedersen (2.775śr) 2008 Apator Toruń
79%
Ryan Sullivan (2.624śr) 2001 Apator Toruń
79%
Nie znaleziono quizów pasujących do podanych kryteriów
Rozkład punktacji
Procent ludzi z każdym wynikiem
Percentyl według liczby udzielonych odpowiedzi
Twoja historia wyników
Nie rozwiązałeś tego quizu